Southville International School and Colleges
Your cart is empty.
  • Cart
  • Lists
    Public lists Eva Luna New books Lux_list list_1
    Your lists Log in to create your own lists
  • Log in to your account
  • Your cookies
  • Search history
Southville International School and Colleges
  • Advanced search
  • Recent comments
  • Most popular
  • Libraries

Log in to your account

Log in with GOOGLE


If you do not have an external account, but do have a local account, you can still log in:

  1. Home
  2. MARC view: Little book of idioms (Idiomatic expressions)
Normal view MARC view ISBD view

Little book of idioms (Idiomatic expressions) (Record no. 19086)

[ view plain ]
MARC details
000 -LEADER
fixed length control field 00629nam a22002177a 4500
003 - CONTROL NUMBER IDENTIFIER
control field OSt
005 - DATE AND TIME OF LATEST TRANSACTION
control field 20140310183128.0
008 - FIXED-LENGTH DATA ELEMENTS--GENERAL INFORMATION
fixed length control field 130531t xxu||||| |||| 00| 0 eng d
020 ## - INTERNATIONAL STANDARD BOOK NUMBER
International Standard Book Number 9718837183
050 ## - LIBRARY OF CONGRESS CALL NUMBER
Classification number PE 1460
Item number .Ab117 2002
082 ## - DEWEY DECIMAL CLASSIFICATION NUMBER
Classification number FIL 428
Item number Ab1 2002
245 ## - TITLE STATEMENT
Title Little book of idioms (Idiomatic expressions)
Remainder of title A helpful book for student and professionals part 2
Statement of responsibility, etc Abangan, Richard A.
250 ## - EDITION STATEMENT
Edition statement 2002 ed.
260 ## - PUBLICATION, DISTRIBUTION, ETC. (IMPRINT)
Place of publication, distribution, etc Manila
Name of publisher, distributor, etc CKC Publications
Date of publication, distribution, etc c2002
300 ## - PHYSICAL DESCRIPTION
Extent iii, 106 p.
Dimensions 18 cm.
521 ## - TARGET AUDIENCE NOTE
Target audience note
526 ## - STUDY PROGRAM INFORMATION NOTE
Reading level 1210L-1700L
541 ## - IMMEDIATE SOURCE OF ACQUISITION NOTE
-- 1
562 ## - COPY AND VERSION IDENTIFICATION NOTE
Number of copies 1
942 ## - ADDED ENTRY ELEMENTS (KOHA)
Source of classification or shelving scheme Library of Congress Classification
Koha item type Books
Call number prefix Filipininana
Holdings
Withdrawn status Lost status Source of classification or shelving scheme Damaged status Home library Current library Shelving location Date acquired Total Checkouts Full call number Barcode Date last seen Copy number Price effective from Koha item type
    Library of Congress Classification   College Library College Library Filipiniana Section 05/31/2013   PE 1460 .Ab117 2002 c2300 05/08/2018 1 11/14/2013 Books

Little book of idioms (Idiomatic expressions)

APA

(2002). Little book of idioms (Idiomatic expressions). Manila: CKC Publications.

Chicago

2002. Little book of idioms (Idiomatic expressions). Manila: CKC Publications.

Harvard

(2002). Little book of idioms (Idiomatic expressions). Manila: CKC Publications.

MLA

Little book of idioms (Idiomatic expressions). Manila: CKC Publications. 2002.

  • Place hold
  • Print
  • Cite
  • Add to your cart (remove)
  • Save record
    BIBTEX Dublin Core MARCXML MARC (non-Unicode/MARC-8) MARC (Unicode/UTF-8) MARC (Unicode/UTF-8, Standard) MODS (XML) RIS
  • More searches
    Search for this title in:
    Other Libraries (WorldCat) Other Databases (Google Scholar) Online Stores (Bookfinder.com) Open Library (openlibrary.org)

Exporting to Dublin Core...

SOUTHVILLE LIBRARY

Southville International School and Colleges Library

1281 Tropical Ave. Cor. Luxembourg St., BF Homes International, Las Pinas City

Tel. No. 8256374 / 252358 Loc. 117/146

Powered by Koha